Quelle ville de l'Ardèche ? - Statistiques

Statistiques générales
  • Ce quiz a été pris 13 fois
  • Le résultat moyen est 8 sur 20
Statistiques - réponses
Quelle commune ardéchoise... Lettre Commune % Correct
...set le chef-lieu départemental P Privas
91%
...est la ville des frères Montgolfier A Annonay
73%
...est la ville la plus peuplée du sud Ardèche. Elle abrite un joli château A Aubenas
73%
...est connue pour son "safari", un grand zoo en partie visitable en voiture P Peaugres
73%
...fait face à Montélimar et a durement été touchée par un séisme en 2019 L(T) Le Teil
64%
...est située à la confluence de l'Eyrieux et du Rhône. Elle a été championne de France de rugby L(V) La Voulte-sur-Rhône
55%
...se situe en face de Tain-l'Hermitage T Tournon-sur-Rhône
55%
...a dans son nom une référence à un édifice naturel surplombant les gorges de l'Ardèche V Vallon-Pont-d'Arc
55%
...est la seule station thermale du département, limitrophe de la commune précédente V Vals-les-Bains
45%
...est la "capitale des Cévennes ardéchoises L(V) Les Vans
36%
...accueille le festival de musique Aluna R Ruoms
36%
...est classée "Plus Beaux Villages de France". Elle est située au sud de la 2ème ville V Vogüé
36%
...partage une centrale nucléaire avec Meysse. Une fresque monumentale orne une ses tours C Cruas
27%
... est la principale ville du plateau, sur l'Eyrieux L(C) Le Cheylard
27%
...est l'ancienne capitale du Vivarais et abrite le siège de l'évêché V Viviers
27%
...est notamment connue pour son pont du diable enjambant l'Ardèche T Thueyts
18%
...est un village viticole donnant son nom à une AOC des côtes du Rhône C Cornas
0%
...accueille la fameuse Grotte Chauvet O Orgnac-l'Aven
0%
...est la commune accueillant le célèbre Mont-Gerbier-de-Jonc S Saint-Martial
0%
...accueille des vestiges gallois-romains et a été rénové par plus de 10 000 bénévoles S Saint-Montan
0%
Aucun quiz correspondant
Distribution des résultats
% des personnes avec chaque résultat
Percentile par nombre de réponses
Votre historique - résultats
Vous n’avez pas pris ce quiz